「市町村」の文字を含む市町村(1995年) - Statistics

General Stats
  • This quiz has been taken 85 times
    77 since last reset
  • The average score is 19 of 43
Answer Stats
都道府県 市町村 % Correct
千葉県 市川市
92%
東京都 町田市
90%
山形県 村山市
85%
千葉県 市原市
84%
東京都 武蔵村山市
81%
東京都 東村山市
76%
長野県 大町市
74%
新潟県 村上市
71%
三重県 四日市市
69%
宮城県 村田町
69%
広島県 廿日市市
66%
長崎県 大村市
65%
兵庫県 市川町
63%
新潟県 十日町市
58%
佐賀県 大町町
58%
富山県 上市町
53%
石川県 野々市町
53%
滋賀県 八日市市
52%
千葉県 八日市場市
50%
東京都 羽村市
48%
鹿児島県 市来町
44%
栃木県 市貝町
40%
山梨県 市川大門町
40%
福島県 原町市
40%
東京都 五日市町
39%
奈良県 下市町
39%
栃木県 今市市
35%
青森県 市浦村
29%
高知県 中村市
29%
北海道 余市町
27%
高知県 野市町
24%
兵庫県 市島町
21%
徳島県 市場町
21%
島根県 六日市町
19%
鹿児島県 東市来町
19%
群馬県 玉村町
19%
兵庫県 村岡町
19%
岩手県 種市町
18%
長崎県 鹿町町
16%
新潟県 村松町
15%
愛媛県 野村町
13%
広島県 新市町
10%
岐阜県 岩村町
10%
No matching quizzes found
Score Distribution
Percent of People with Each Score
Percentile by Number Answered
Your Score History
You have not taken this quiz since the last reset